Social development: a compendium (Record no. 174194)
[ view plain ]
| 000 -LEADER | |
|---|---|
| fixed length control field | 00538nam a2200193Ia 4500 |
| 003 - CONTROL NUMBER IDENTIFIER | |
| control field | OSt |
| 005 - DATE AND TIME OF LATEST TRANSACTION | |
| control field | 20230609111114.0 |
| 008 - FIXED-LENGTH DATA ELEMENTS--GENERAL INFORMATION | |
| fixed length control field | 210423s2001 xx 000 0 und d |
| 040 ## - CATALOGING SOURCE | |
| Transcribing agency | AL |
| 082 ## - DEWEY DECIMAL CLASSIFICATION NUMBER | |
| Classification number | 338.9 JACS |
| Edition number | 23 |
| 100 ## - MAIN ENTRY--PERSONAL NAME | |
| Personal name | JACOH (K K);DAK (T M) |
| 9 (RLIN) | 123205 |
| 245 ## - TITLE STATEMENT | |
| Title | Social development: a compendium |
| 260 ## - PUBLICATION, DISTRIBUTION, ETC. | |
| Place of publication, distribution, etc. | Udaipur |
| Name of publisher, distributor, etc. | Institute of social sciences |
| Date of publication, distribution, etc. | 2001 |
| 365 ## - TRADE PRICE | |
| Currency code | INR |
| 650 ## - SUBJECT ADDED ENTRY--TOPICAL TERM | |
| Topical term or geographic name entry element | Economics |
| 9 (RLIN) | 123206 |
| 650 ## - SUBJECT ADDED ENTRY--TOPICAL TERM | |
| Topical term or geographic name entry element | Economics of Development |
| 9 (RLIN) | 123207 |
| 906 ## - LOCAL DATA ELEMENT F, LDF (RLIN) | |
| a | compendium ; development: ; Social |
| 942 ## - ADDED ENTRY ELEMENTS (KOHA) | |
| Source of classification or shelving scheme | Dewey Decimal Classification |
| Koha item type | Book |
| Withdrawn status | Lost status | Damaged status | Not for loan | Collection code | Home library | Current library | Date acquired | Total Checkouts | Full call number | Barcode | Date last seen | Price effective from | Koha item type |
|---|---|---|---|---|---|---|---|---|---|---|---|---|---|
| MSW | St Aloysius PG Library | St Aloysius PG Library | 12/19/2005 | 338.9 JACS | PG020863 | 08/24/2022 | 04/26/2021 | Book |